BIBLIOTHÈQUE DE LA MAISON DU MEXIQUE

Logo 1 Logo 2

Sobre Ortega y Gasset y otros trabajos de historia de las ideas en España y la América española (notice nᵒ 12176)

détails MARC
000 -Sello discográfico
campo de control de longitud fija 00885nam a2200265 4500
005 - Identificación de versión
campo de control 20251016082726.0
035 ## - Otros números de control del sistema
Número de control del sistema 12915
099 ## - fechas locales
Tipo de ítem Koha LIBRO
100 ## - Datos de procesamiento general
Datos de procesamiento general 19930801d1957 m y1spay5003 ba
105 ## - Campo de datos codificados: Material textual, monográfico
Datos codificados de monografía y 001zy
200 1# - Título y mención de responsabilidad
Título propio Sobre Ortega y Gasset y otros trabajos de historia de las ideas en España y la América española
Designación general del material texto impreso
Primer mención de responsabilidad José Gaos
210 ## - Publicación, distribución, etc.
Lugar de publicación, distribución, etc. México
Nombre del editor, distribuidor, etc. Imprenta Universitaria
Fecha de publicación, distribución, etc. 1957
215 ## - Descripción física
Designación de material específico y extensión del ítem 405 p
Dimensiones 23 cm
345 ## - Nota de información de adquisición
Fuente de adquisición/dirección de la suscripción [OBSOLETO] Donación
600 ## - Nombre personal usado como materia
Elemento de entrada Ortega y Gasset
Parte del nombre distinta del elemento de entrada José
Fechas 1883-1955
Número Koha 856
606 ## - Término temático usado como materia
Elemento de entrada Filosofía española
Subdivisión temática Alocuciones, ensayos y conferencias
Número Koha 18802
700 ## - Nombre personal - Responsabilidad primaria
Elemento de entrada Gaos y González-Pola
Parte del nombre distinta del elemento de entrada José
Fechas 1900-1969
Número Koha 3491
801 #0 - Fuente de origen
Agencia cm
900 ## -
-- 1/8911
900 ## -
-- 710934571\\010893
942 ## - ELEMENTOS DE ENTRADA SECUNDARIOS (KOHA)
Tipo de ítem Koha Livre
996 ## -
-- MEX
-- 751145101
-- MMAG
-- 004929
-- 109 G211S
-- 20210527LIV
Exemplaires
Estatus retirado Estado de daño Estado de pérdida Fecha de adquisición Biblioteca de origen Biblioteca actual Ubicación en estantería Código de barras Precio de reemplazo Signatura topográfica completa No para préstamo Tipo de ítem Koha Nota pública Nota no pública
      05/08/2025 Casa México Paris Casa México Paris   004929 05/08/2025 109 G211S   Livre 20210527LIV 751145101